Normal view
MARC view
- MATERIALS SCIENCE OF THIN FILMS.THIN FILM AND SURFACES
Entry Topical Term
001 - CONTROL NUMBER
- control field: 61342
003 - CONTROL NUMBER IDENTIFIER
- control field: NUST
005 - DATE AND TIME OF LATEST TRANSACTION
- control field: 20210628202733.0
008 - FIXED-LENGTH DATA ELEMENTS
- fixed length control field: 210628|| aca||aabn | a|a d
040 ## - CATALOGING SOURCE
- Original cataloging agency: NUST
- Transcribing agency: NUST
150 ## - HEADING--TOPICAL TERM
- Topical term or geographic name entry element: MATERIALS SCIENCE OF THIN FILMS.THIN FILM AND SURFACES
670 ## - SOURCE DATA FOUND
- Source citation: Work cat.: (NUST): Ohring, Milton 61341, Materials science of thin films deposition and structure, 2006
